[Event "Tournoi Skype 007"]
[Site "Skype"]
[Date "????.??.??"]
[Round "1.1"]
[White "Hervais, Adrien"]
[Black "Talbot, Jacques"]
[Result "1-0"]
[WhiteElo "2020"]
[BlackElo "1470"]
[PlyCount "25"]

1. e4 e5 2. Nc3 Nf6 3. f4 Nc6 4. fxe5 Nxe5 5. d4 Nc6 6. e5 Ng8 7. Nf3 d6 8. Bb5
Bd7 9. O-O dxe5 10. d5 Nce7 11. Bxd7+ Qxd7 12. Nxe5 Qd8 13. Nxf7 1-0

[Event "Tournoi Skype 007"]
[Site "Skype"]
[Date "????.??.??"]
[Round "1.2"]
[White "Capdeville, Jean"]
[Black "Auger, Bertrand"]
[Result "0-1"]
[WhiteElo "1440"]
[BlackElo "1990"]
[PlyCount "82"]

1. e4 e6 2. d4 d5 3. e5 c5 4. Be3 cxd4 5. Bxd4 Nc6 6. Bb5 Bd7 7. Bxc6 bxc6 8.
a3 c5 9. Be3 Qc7 10. Nf3 Bb5 11. Nc3 Ba6 12. Ne2 Qa5+ 13. Qd2 Qb5 14. b3 d4 15.
Bf4 Ne7 16. h3 Nd5 17. Bg3 Nc3 18. Nxc3 dxc3 19. Qe3 Rd8 20. a4 Qb4 21. Rd1
Rxd1+ 22. Kxd1 Be7 23. Bh4 Bxh4 24. Nxh4 Qxh4 25. Qxc5 Qd8+ 26. Qd6 Qxd6+ 27.
exd6 Kd7 28. Re1 Kxd6 29. Re3 Rc8 30. f4 f6 31. g4 Rc5 32. h4 h6 33. Kc1 g5 34.
hxg5 hxg5 35. fxg5 fxg5 36. Rf3 Be2 37. Rg3 a5 38. Rg2 Re5 39. Rg3 Bf3 40. Kb1
Re1+ 41. Ka2 Rf1 0-1

[Event "Tournoi Skype 007"]
[Site "Skype"]
[Date "????.??.??"]
[Round "1.3"]
[White "Deville, Olivier"]
[Black "L'Herbon De Lussats, Jean"]
[Result "1-0"]
[WhiteElo "1900"]
[BlackElo "1440"]
[PlyCount "127"]

1. Nf3 c5 2. c4 Nc6 3. g3 e5 4. d3 Nf6 5. Nc3 d6 6. Bg2 Be6 7. a3 Qc7 8. Rb1
Be7 9. b4 cxb4 10. axb4 a5 11. b5 Nb4 12. Ba3 d5 13. Nxd5 Bxd5 14. cxd5 Nbxd5
15. Bxe7 Qxe7 16. O-O Nc3 17. Qc2 Nxb1 18. Rxb1 O-O 19. Rc1 Nd5 20. Nd2 Nb4 21.
Qc7 Qxc7 22. Rxc7 Rac8 23. Rxb7 Rc1+ 24. Nf1 a4 25. Ra7 Ra1 26. b6 a3 27. b7
Rc1 28. Ra8 g6 29. Rxf8+ Kxf8 30. b8=Q+ Kg7 31. Qxb4 a2 32. Qa3 a1=Q 33. Qxa1
Rxa1 34. Bf3 f5 35. Kg2 f4 36. gxf4 exf4 37. Nd2 g5 38. h3 h6 39. Bh5 Kf6 40.
Ne4+ Ke5 41. Bf3 Re1 42. h4 gxh4 43. Kh3 Rg1 44. Kxh4 Rg6 45. Nd2 Kd4 46. Kh5
Re6 47. Nf1 Re5+ 48. Kg4 Ra5 49. Kxf4 h5 50. Kg3 Ra1 51. Ne3 Rg1+ 52. Kh4 Ke5
53. Kxh5 Kf4 54. Ng2+ Kf5 55. Kh4 Rh1+ 56. Kg3 Rg1 57. Be4+ Ke5 58. Kf3 Rh1 59.
Ke3 Rh3+ 60. Bf3 Rh1 61. d4+ Kd6 62. Nf4 Rh2 63. Nd3 Rh4 64. Ne5 1-0

[Event "Tournoi Skype 007"]
[Site "Skype"]
[Date "????.??.??"]
[Round "1.4"]
[White "Vincent, Andre"]
[Black "Catherine, Bertrand"]
[Result "0-1"]
[WhiteElo "1440"]
[BlackElo "1850"]
[PlyCount "50"]

1. d4 c5 2. c4 cxd4 3. Qxd4 Nc6 4. Qd1 Nf6 5. Nc3 g6 6. e3 Bg7 7. Bd3 O-O 8.
Nge2 Ne5 9. Qc2 Nxd3+ 10. Qxd3 d6 11. e4 Ng4 12. Bf4 Ne5 13. Bxe5 Bxe5 14. f3
Be6 15. b3 f5 16. f4 fxe4 17. Qxe4 Rxf4 18. Qxb7 Rf8 19. Rd1 Qa5 20. b4 Bxc3+
21. Nxc3 Qe5+ 22. Kd2 Rf2+ 23. Kd3 Rc8 24. c5 dxc5 25. bxc5 Rd8+ 0-1

[Event "Tournoi Skype 007"]
[Site "Skype"]
[Date "????.??.??"]
[Round "1.6"]
[White "Gerbaux, Regis"]
[Black "Ikramy, Ahmed"]
[Result "0-1"]
[WhiteElo "1370"]
[BlackElo "1799"]
[PlyCount "58"]

1. e4 e5 2. Nf3 Nc6 3. Bb5 a6 4. Bxc6 dxc6 5. O-O f6 6. c3 Qd3 7. Re1 Bc5 8.
Nxe5 fxe5 9. Qh5+ Kf8 10. Qxe5 Bb6 11. Qf4+ Ke8 12. Qe5+ Ne7 13. Qg3 Qxg3 14.
hxg3 Rf8 15. Rf1 c5 16. c4 Nc6 17. Nc3 Ne5 18. d3 Nxd3 19. b3 Ba5 20. Nd5 c6
21. Bd2 cxd5 22. Bxa5 dxe4 23. Rad1 b5 24. f3 Bb7 25. Rd2 bxc4 26. bxc4 Ne5 27.
fxe4 Rxf1+ 28. Kxf1 Nxc4 29. Rd3 Nxa5 0-1

[Event "Tournoi Skype 007"]
[Site "Skype"]
[Date "????.??.??"]
[Round "1.7"]
[White "Plourde, Alain"]
[Black "Ouellet, Emile"]
[Result "1-0"]
[WhiteElo "1780"]
[BlackElo "1360"]
[PlyCount "43"]

1. d4 d5 2. c4 e6 3. Nc3 Nf6 4. Bg5 Be7 5. e3 O-O 6. Nf3 h6 7. Bxf6 Bxf6 8. b4
b6 9. cxd5 exd5 10. Qc2 Bf5 11. Qxf5 g6 12. Qxd5 c6 13. Qxd8 Rxd8 14. Bc4 a6
15. O-O b5 16. Bb3 Ra7 17. Ne4 Nd7 18. Rfc1 Rc7 19. Rc2 Rdc8 20. Rac1 Kg7 21.
Nd6 Rf8 22. Rxc6 1-0

[Event "Tournoi Skype 007"]
[Site "Skype"]
[Date "????.??.??"]
[Round "1.8"]
[White "Coruble, Didier"]
[Black "Jacquelin, Norbert"]
[Result "0-1"]
[WhiteElo "1350"]
[BlackElo "1740"]
[PlyCount "62"]

1. b3 d5 2. Bb2 Bg4 3. h3 Bh5 4. g4 Bg6 5. Nf3 Nc6 6. Bg2 e6 7. d3 f6 8. Nbd2
Bd6 9. g5 e5 10. gxf6 gxf6 11. Nh4 Nge7 12. f4 Bf7 13. f5 Qd7 14. Bf3 Rg8 15.
e4 O-O-O 16. Qe2 Nd4 17. Bxd4 exd4 18. Bg4 Bg3+ 19. Kd1 Bxh4 20. Nf3 Bg3 21. e5
Qc6 22. e6 Be8 23. Kc1 h5 24. Nxd4 Qc3 25. Rb1 Qxd4 26. Bf3 Bf4+ 27. Kd1 Rg1+
28. Rxg1 Qxg1+ 29. Qe1 Qh2 30. Be2 Nxf5 31. Rb2 Ne3+ 0-1

[Event "Tournoi Skype 007"]
[Site "Skype"]
[Date "????.??.??"]
[Round "1.9"]
[White "Legueltel, Daniel"]
[Black "Baker, Abi"]
[Result "1-0"]
[WhiteElo "1740"]
[BlackElo "1299"]
[PlyCount "57"]

1. d4 b6 2. Nf3 Bb7 3. g3 e6 4. Bg2 Ne7 5. O-O g6 6. c4 Bg7 7. Nc3 Nbc6 8. e4
d6 9. Be3 h6 10. a3 g5 11. Qc2 Ng6 12. d5 Qf6 13. dxc6 Bxc6 14. Nd4 Ne5 15.
Nxc6 Nxc6 16. e5 Qxe5 17. Bxc6+ Ke7 18. Bxa8 Rxa8 19. Rad1 g4 20. Bd4 Qg5 21.
Bxg7 Qxg7 22. Qe4 Rg8 23. Qc6 Kd8 24. Nb5 f5 25. Rfe1 e5 26. Nxd6 cxd6 27.
Rxd6+ Ke7 28. Rd7+ Kf8 29. Qc8# 1-0

[Event "Tournoi Skype 007"]
[Site "Skype"]
[Date "????.??.??"]
[Round "1.10"]
[White "Blaevoet, Rebecca"]
[Black "De Leener, Luc"]
[Result "0-1"]
[WhiteElo "1299"]
[BlackElo "1700"]
[PlyCount "94"]

1. c4 Nf6 2. Nc3 d5 3. b3 d4 4. Nd5 Nxd5 5. cxd5 Qxd5 6. d3 Nc6 7. e4 Qd8 8.
Be2 e5 9. Nf3 Bb4+ 10. Bd2 Qe7 11. O-O O-O 12. Bxb4 Nxb4 13. a3 Nc6 14. Rc1
Qxa3 15. Qd2 Qxb3 16. Qc2 Qxc2 17. Rxc2 a5 18. Bd1 a4 19. Rb2 a3 20. Nd2 axb2
21. Re1 Ra1 22. h4 b1=Q 23. Nxb1 Rxb1 24. g3 Bg4 25. f4 Rxd1 26. Rxd1 Bxd1 27.
Kf1 exf4 28. gxf4 Nb4 29. f5 Nxd3 30. Kg2 Ra8 31. Kg3 Ra2 32. h5 Bxh5 33. Kh4
Rh2+ 34. Kg3 Re2 35. e5 Rxe5 36. Kh4 Rxf5 37. Kh3 Rg5 38. Kh4 h6 39. Kh3 Ne5
40. Kh4 Nf3+ 41. Kh3 Bg4+ 42. Kg3 d3 43. Kf4 d2 44. Ke3 d1=Q 45. Kf4 Qc1+ 46.
Ke4 Re5+ 47. Kd3 Bf5# 0-1

[Event "Tournoi Skype 007"]
[Site "Skype"]
[Date "????.??.??"]
[Round "1.11"]
[White "Nicole, Chantal"]
[Black "Porcabeuf, Jean-Marc"]
[Result "1-0"]
[WhiteElo "1690"]
[BlackElo "1270"]
[PlyCount "39"]

1. c4 Nf6 2. g3 e6 3. Bg2 d5 4. d4 c6 5. Nf3 Be7 6. O-O O-O 7. Nbd2 Nbd7 8. b3
b6 9. Bb2 Bb7 10. Rc1 c5 11. cxd5 Nxd5 12. e4 N5f6 13. e5 Nd5 14. Ne4 Nb4 15.
Nd6 Bxd6 16. exd6 Nf6 17. dxc5 bxc5 18. Rxc5 Ne4 19. Qd4 Nxc5 20. Qxg7# 1-0

[Event "Tournoi Skype 007"]
[Site "Skype"]
[Date "????.??.??"]
[Round "1.13"]
[White "Bourdeau, Yvan"]
[Black "Coude, Josue"]
[Result "1-0"]
[WhiteElo "1620"]
[BlackElo "1250"]
[PlyCount "39"]

1. e4 e5 2. Nf3 Nc6 3. Bb5 Nf6 4. O-O Bc5 5. Bxc6 dxc6 6. d3 O-O 7. Be3 Bxe3 8.
fxe3 Bg4 9. Nbd2 Qd7 10. Qe1 Qe6 11. Qg3 Bxf3 12. Nxf3 Nd7 13. Nh4 h6 14. Nf5
g6 15. Nxh6+ Kg7 16. Nf5+ Kg8 17. Rf3 Kh7 18. Qh4+ Kg8 19. Rh3 Nf6 20. Qh8# 1-0

[Event "Tournoi Skype 007"]
[Site "Skype"]
[Date "????.??.??"]
[Round "1.14"]
[White "Martin, Elise"]
[Black "Megelas, Florent"]
[Result "0-1"]
[WhiteElo "1250"]
[BlackElo "1610"]
[PlyCount "44"]

1. c4 e6 2. g3 Nf6 3. Bg2 c6 4. d4 d5 5. Nd2 Be7 6. Ngf3 Nbd7 7. b3 g6 8. O-O
Bf8 9. Qc2 Bg7 10. Nb1 O-O 11. Be3 Re8 12. Qd2 Ne4 13. Qc1 e5 14. Bh6 exd4 15.
Rd1 Qf6 16. Nxd4 Qxf2+ 17. Kh1 Bxd4 18. Rxd4 Qxd4 19. Na3 Nf2+ 20. Kg1 Rxe2 21.
Bf3 Nd1+ 22. Kf1 Qf2# 0-1

[Event "Tournoi Skype 007"]
[Site "Skype"]
[Date "????.??.??"]
[Round "1.15"]
[White "Peignien, Laurent"]
[Black "Armingaud, Jean-Claude"]
[Result "1-0"]
[WhiteElo "1590"]
[BlackElo "1180"]
[PlyCount "47"]

1. e4 e5 2. Nf3 Nc6 3. d4 d6 4. Bb5 a6 5. Bxc6+ bxc6 6. dxe5 dxe5 7. Qxd8+ Kxd8
8. Nxe5 Nh6 9. Bxh6 Bb4+ 10. c3 Ke8 11. Be3 f6 12. Nxc6 a5 13. cxb4 axb4 14.
Nxb4 Rb8 15. Nd3 Rb5 16. Nc3 Rb7 17. O-O-O g5 18. Nc5 Ra7 19. a3 Bg4 20. f3 Bh5
21. Nb5 Ra5 22. Nxc7+ Ke7 23. Rd7+ Kf8 24. N5e6+ 1-0

[Event "Tournoi Skype 007"]
[Site "Skype"]
[Date "????.??.??"]
[Round "1.16"]
[White "Vervoort, Jean-Louis"]
[Black "Fouquereau, Andre"]
[Result "0-1"]
[WhiteElo "1140"]
[BlackElo "1580"]
[PlyCount "40"]

1. e4 e5 2. d4 exd4 3. Qxd4 Nc6 4. Qc3 d6 5. Nf3 Nf6 6. Nbd2 Be7 7. Bd3 O-O 8.
O-O d5 9. e5 d4 10. Qc4 Be6 11. Qa4 a6 12. c3 dxc3 13. bxc3 Qxd3 14. c4 Ne4 15.
Nxe4 Qxe4 16. Re1 Qf5 17. Nh4 Bxh4 18. g3 Be7 19. f4 Qh3 20. Re3 Bc5 0-1

[Event "Tournoi Skype 007"]
[Site "Skype"]
[Date "????.??.??"]
[Round "1.17"]
[White "Le Brun, Yves"]
[Black "Tamditi, Ibrahim"]
[Result "1-0"]
[WhiteElo "1560"]
[BlackElo "1080"]
[PlyCount "97"]

1. Nf3 d6 2. g3 e5 3. d3 Nc6 4. Bg2 Be7 5. Nc3 a6 6. O-O Nf6 7. a3 O-O 8. e4 d5
9. exd5 Nxd5 10. Nxd5 Qxd5 11. Nd2 Qd6 12. Ne4 Qg6 13. Be3 Bf5 14. f4 Bg4 15.
Qd2 f6 16. Nf2 exf4 17. Bxf4 Rac8 18. Nxg4 Qxg4 19. b4 g5 20. Be3 Rcd8 21. Rae1
h6 22. Qf2 Ne5 23. h3 Qe6 24. Bc1 c6 25. d4 Ng4 26. Rxe6 Nxf2 27. Rxe7 Rxd4 28.
Rxf2 Rd1+ 29. Rf1 Rxf1+ 30. Kxf1 Rd8 31. Bb2 Rd6 32. Rxb7 Kf8 33. Rh7 f5 34.
Bf3 Rd2 35. Rxh6 Rxc2 36. Bd4 Ra2 37. Bc5+ Kg8 38. Bxc6 Rxa3 39. Bd5+ Kg7 40.
Rb6 Rxg3 41. Bd4+ Kf8 42. Rf6+ Ke7 43. Rxf5 Rxh3 44. Bc5+ Kd7 45. Rxg5 Rb3 46.
Rg7+ Kc8 47. Bc6 Rd3 48. Bb6 Rd6 49. Rg8+ 1-0

[Event "Tournoi Skype 007"]
[Site "Skype"]
[Date "????.??.??"]
[Round "1.18"]
[White "Gagnon, Sindy"]
[Black "De Coninck, Philippe"]
[Result "0-1"]
[WhiteElo "1060"]
[BlackElo "1540"]
[PlyCount "66"]

1. e4 e5 2. Nf3 Nc6 3. Nc3 Nf6 4. Bc4 Bb4 5. d3 Bxc3+ 6. bxc3 d5 7. exd5 Nxd5
8. Nd4 exd4 9. O-O Nxc3 10. Qh5 O-O 11. Bb2 Nb4 12. a3 Nc6 13. Rfe1 g6 14. Qf3
Na5 15. Bd5 Qxd5 16. Qg3 Qc5 17. a4 Be6 18. Ra3 Rad8 19. Bc1 Rd5 20. Ra1 Rfd8
21. Bh6 Qd6 22. Qh4 Rh5 23. Bg5 Rxh4 24. Bxh4 Rd7 25. Bg3 Qd5 26. f4 Qh5 27. f5
Qxf5 28. Bf2 Rd5 29. Bxd4 Rxd4 30. h3 Qg5 31. Kh2 Kg7 32. Rh1 Qf4+ 33. g3 Qf2#
0-1

[Event "Tournoi Skype 007"]
[Site "Skype"]
[Date "????.??.??"]
[Round "1.19"]
[White "Antonic, Nenad"]
[Black "Marty, Yvette"]
[Result "1-0"]
[WhiteElo "1530"]
[BlackElo "1020"]
[PlyCount "43"]

1. d4 e5 2. dxe5 Nc6 3. Nf3 d6 4. Bf4 Be6 5. e3 a6 6. Nbd2 Nge7 7. Ng5 Bf5 8.
e4 Bg6 9. exd6 cxd6 10. Nc4 d5 11. Nd6+ Kd7 12. Ngxf7 Bxf7 13. Nxf7 Qe8 14.
Qg4+ Nf5 15. Qxf5+ Qe6 16. Qxd5+ Ke7 17. Qxe6+ Kxe6 18. Bc4+ Kf6 19. Nxh8 Be7
20. Nf7 Nd4 21. Be5+ Kg6 22. Bxd4 1-0

[Event "Tournoi Skype 007"]
[Site "Skype"]
[Date "????.??.??"]
[Round "1.20"]
[White "Rondeau, Annie"]
[Black "Malbec, Robert"]
[Result "0-1"]
[WhiteElo "1010"]
[BlackElo "1510"]
[PlyCount "48"]

1. e4 e5 2. c4 Nf6 3. f3 Bc5 4. d3 O-O 5. Bg5 d6 6. Bxf6 Qxf6 7. g3 Qh6 8. Nc3
c6 9. Na4 Bxg1 10. Rxg1 Qe3+ 11. Qe2 Qxg1 12. O-O-O Qd4 13. Nc3 a6 14. Qd2 Be6
15. Ne2 Qb6 16. f4 Bg4 17. fxe5 dxe5 18. Qg5 Bxe2 19. Bxe2 f6 20. Qf5 Qe3+ 21.
Rd2 Kh8 22. h4 Qxg3 23. Bd1 Qxh4 24. Rg2 Qf4+ 0-1

[Event "Tournoi Skype 007"]
[Site "Skype"]
[Date "????.??.??"]
[Round "2.1"]
[White "Duthoit, Bernard"]
[Black "Hervais, Adrien"]
[Result "0-1"]
[WhiteElo "1630"]
[BlackElo "2020"]
[PlyCount "64"]

1. e4 e5 2. Nf3 d6 3. d4 exd4 4. Nxd4 Nd7 5. Nc3 Ngf6 6. Bd3 g6 7. Nce2 Nb6 8.
Be3 Ng4 9. Bd2 c5 10. Nf3 c4 11. Bc3 f6 12. h3 Ne5 13. Nxe5 dxe5 14. O-O cxd3
15. cxd3 Be6 16. b3 Bd6 17. Bd2 O-O 18. Rc1 Ba3 19. Rc2 Qxd3 20. Bh6 Qxd1 21.
Rxd1 Rfd8 22. Rcd2 Rxd2 23. Rxd2 Rc8 24. f4 Bb4 25. Rd1 Rc2 26. Rd8+ Kf7 27.
Kf1 Bd7 28. Rh8 Bb5 29. Rxh7+ Ke8 30. Rh8+ Kd7 31. fxe5 Bxe2+ 32. Kg1 fxe5 0-1

[Event "Tournoi Skype 007"]
[Site "Skype"]
[Date "????.??.??"]
[Round "2.2"]
[White "Auger, Bertrand"]
[Black "Bourdeau, Yvan"]
[Result "1-0"]
[WhiteElo "1990"]
[BlackElo "1620"]
[PlyCount "35"]

1. c4 Nf6 2. Nc3 e5 3. g3 c6 4. Bg2 d6 5. d4 Nbd7 6. Nf3 Qc7 7. O-O Be7 8. c5
exd4 9. cxd6 Bxd6 10. Nxd4 Ne5 11. Ndb5 cxb5 12. Nxb5 Qe7 13. Nxd6+ Kf8 14. b3
Rb8 15. Ba3 Kg8 16. Nxc8 Qxa3 17. Qd8+ Qf8 18. Ne7# 1-0

[Event "Tournoi Skype 007"]
[Site "Skype"]
[Date "????.??.??"]
[Round "2.3"]
[White "Megelas, Florent"]
[Black "Deville, Olivier"]
[Result "1/2-1/2"]
[WhiteElo "1610"]
[BlackElo "1900"]
[PlyCount "126"]

1. e4 c5 2. c3 Nf6 3. e5 Nd5 4. d4 cxd4 5. cxd4 e6 6. Bc4 d6 7. Bxd5 exd5 8.
Nf3 Nc6 9. Nc3 dxe5 10. Nxe5 Be7 11. O-O O-O 12. Re1 Be6 13. Be3 Qb6 14. b3
Rac8 15. Na4 Qa5 16. Rc1 Ba3 17. Nxc6 bxc6 18. Rc2 Bf5 19. Rce2 Qb5 20. Nc5 Bb4
21. Bd2 Bxc5 22. dxc5 Qxc5 23. Be3 Qa5 24. Bd4 Be6 25. Qa1 c5 26. Bxg7 Rfe8 27.
Qf6 Bd7 28. Rxe8+ Rxe8 29. Rxe8+ Bxe8 30. h3 Qxa2 31. Bh6 Qb1+ 32. Kh2 Qg6 33.
Qe7 Qxh6 34. Qxe8+ Kg7 35. Qe5+ Qf6 36. Qxd5 Qxf2 37. Qe5+ Kg6 38. Qd6+ Kg5 39.
Qe7+ Qf6 40. Qxc5+ Qf5 41. Qxa7 Qe5+ 42. Kg1 Qe1+ 43. Kh2 Qe5+ 44. g3 Qe2+ 45.
Kg1 Qd1+ 46. Kg2 Qxb3 47. Qc5+ Kg6 48. h4 h5 49. Qg5+ Kh7 50. Qxh5+ Kg7 51. Qf3
Qxf3+ 52. Kxf3 f6 53. Kf4 Kg6 54. g4 Kf7 55. Kf5 Kg7 56. g5 fxg5 57. hxg5 Kf7
58. g6+ Kg7 59. Kg5 Kg8 60. Kh6 Kh8 61. Kg5 Kg7 62. Kf5 Kg8 63. Kf6 Kf8 1/2-1/2

[Event "Tournoi Skype 007"]
[Site "Skype"]
[Date "????.??.??"]
[Round "2.4"]
[White "Catherine, Bertrand"]
[Black "Peignien, Laurent"]
[Result "1-0"]
[WhiteElo "1850"]
[BlackElo "1590"]
[PlyCount "29"]

1. e4 e6 2. d4 d5 3. exd5 exd5 4. Bd3 Bd6 5. Qf3 Ne7 6. Ne2 c6 7. Ng3 Nd7 8.
Bf4 Qc7 9. Bxd6 Qxd6 10. O-O Nf6 11. h3 Qb4 12. Nc3 Qxb2 13. Nce2 Qa3 14. Rfe1
O-O 15. Bxh7+ 1-0

[Event "Tournoi Skype 007"]
[Site "Skype"]
[Date "????.??.??"]
[Round "2.5"]
[White "Fouquereau, Andre"]
[Black "Lambert, Pierre"]
[Result "0-1"]
[WhiteElo "1580"]
[BlackElo "1840"]
[PlyCount "86"]

1. Nf3 d5 2. d4 Nf6 3. c3 e6 4. Qc2 c5 5. Bg5 Be7 6. e3 Nbd7 7. Bb5 O-O 8. O-O
a6 9. Be2 h6 10. Bxf6 Nxf6 11. Nbd2 Bd7 12. Rad1 Rc8 13. Qb1 c4 14. h3 Qb6 15.
Nh2 Bd6 16. Ng4 Nxg4 17. Bxg4 f5 18. Be2 Rf6 19. Nf3 Qc7 20. Ne5 Bxe5 21. dxe5
Qxe5 22. Bf3 Bc6 23. Rd4 Qc7 24. Rd2 Kh8 25. Qe1 Qf7 26. Qd1 Be8 27. Rd4 Qe7
28. Re1 b5 29. a3 Bf7 30. Re2 e5 31. Rdd2 e4 32. Bxe4 fxe4 33. Re1 Rf5 34. Rf1
Qg5 35. Kh2 Qf6 36. Qe1 Qe5+ 37. Kh1 Be6 38. Qe2 Rcf8 39. f3 exf3 40. Rxf3 Rxf3
41. gxf3 Qg3 42. f4 Qxh3+ 43. Qh2 Qxe3 0-1

[Event "Tournoi Skype 007"]
[Site "Skype"]
[Date "????.??.??"]
[Round "2.6"]
[White "De Coninck, Philippe"]
[Black "Plourde, Alain"]
[Result "0-1"]
[WhiteElo "1540"]
[BlackElo "1780"]
[PlyCount "66"]

1. e4 e5 2. Nf3 d6 3. Nc3 Nf6 4. d4 exd4 5. Nxd4 Be7 6. Bg5 Nxe4 7. Bxe7 Qxe7
8. Nxe4 Qxe4+ 9. Qe2 Qxe2+ 10. Bxe2 Bd7 11. Nb5 Bxb5 12. Bxb5+ Nc6 13. Bxc6+
bxc6 14. O-O Kd7 15. Rfe1 Rhe8 16. Kf1 Re6 17. Rxe6 fxe6 18. Re1 Rb8 19. b3 Rb5
20. c4 Rf5 21. Re3 Ke7 22. g3 Ra5 23. a4 Rf5 24. Kg2 a5 25. Re4 d5 26. g4 dxe4
27. gxf5 exf5 28. Kg3 g5 29. h4 h6 30. hxg5 hxg5 31. f4 gxf4+ 32. Kxf4 Kd6 33.
Kxf5 e3 0-1

[Event "Tournoi Skype 007"]
[Site "Skype"]
[Date "????.??.??"]
[Round "2.7"]
[White "Jacquelin, Norbert"]
[Black "Le Brun, Yves"]
[Result "1-0"]
[WhiteElo "1740"]
[BlackElo "1560"]
[PlyCount "59"]

1. e4 c5 2. Nf3 Nc6 3. d4 cxd4 4. Nxd4 a6 5. Nc3 e6 6. Be3 Bb4 7. Be2 Nf6 8. f3
O-O 9. O-O Re8 10. Qd2 d5 11. a3 Bxc3 12. Qxc3 Bd7 13. Nxc6 Bxc6 14. e5 Nd7 15.
f4 Rc8 16. Qe1 Nb6 17. Rd1 Bb5 18. Bxb5 axb5 19. Qf2 Nc4 20. Bd4 Rc6 21. Rd3
Qa5 22. Ra1 b4 23. c3 bxa3 24. b3 Nb6 25. Rh3 Nd7 26. g4 Ra6 27. Qh4 h6 28. g5
Qd8 29. Qh5 Kh7 30. Qxf7 1-0

[Event "Tournoi Skype 007"]
[Site "Skype"]
[Date "????.??.??"]
[Round "2.8"]
[White "Malbec, Robert"]
[Black "Legueltel, Daniel"]
[Result "0-1"]
[WhiteElo "1510"]
[BlackElo "1740"]
[PlyCount "170"]

1. e4 c5 2. Nf3 d6 3. Bb5+ Bd7 4. Nc3 Bxb5 5. Nxb5 a6 6. Nc3 Nc6 7. d4 cxd4 8.
Nxd4 g6 9. Be3 Bg7 10. Qd2 Ne5 11. Qe2 Rc8 12. Rb1 Nf6 13. O-O O-O 14. Rfd1 Nc4
15. Rd3 Nxe3 16. Qxe3 Qa5 17. h3 Rc7 18. a3 Rfc8 19. Nb3 Qh5 20. Nd4 Bh6 21.
Qe2 Qxe2 22. Ndxe2 Rc4 23. b3 R4c7 24. g4 Bg5 25. f4 Bxf4 26. Nd5 Nxd5 27. exd5
Be5 28. c4 b5 29. cxb5 axb5 30. b4 Rc2 31. Kf2 Ra2 32. Re1 Rcc2 33. Ke3 Ra1 34.
Rxa1 Bxa1 35. Nd4 Bxd4+ 36. Kxd4 Rc4+ 37. Ke3 Kg7 38. Rd4 Rc1 39. Rd3 Rh1 40.
Kd4 e5+ 41. dxe6 fxe6 42. Kc3 Rc1+ 43. Kd2 Rc6 44. Rb3 Kf6 45. Rf3+ Ke7 46. Rb3
e5 47. Ke3 d5 48. Kf3 Ke6 49. Ke3 g5 50. Kd2 e4 51. h4 h6 52. hxg5 hxg5 53. Rh3
Ke5 54. Rh2 Kf4 55. Rh8 d4 56. Rb8 e3+ 57. Kd3 Rc3+ 58. Kxd4 Rxa3 59. Rxb5 Kxg4
60. Re5 Kf3 61. Rf5+ Kg4 62. Re5 Kf4 63. Re4+ Kf3 64. Re5 e2 65. Rf5+ Kg2 66.
Re5 Kf2 67. Rf5+ Ke1 68. Rxg5 Kd2 69. Rg2 Kd1 70. Rg1+ e1=Q 71. Rxe1+ Kxe1 72.
Kc5 Rc3+ 73. Kb6 Kd2 74. b5 Kd3 75. Kb7 Kc4 76. b6 Kc5 77. Kc7 Kb5+ 78. Kb7 Rc6
79. Ka7 Rxb6 80. Ka8 Rh6 81. Kb7 Rg6 82. Ka7 Kc6 83. Kb8 Rg7 84. Ka8 Kb6 85.
Kb8 Rg8# 0-1

[Event "Tournoi Skype 007"]
[Site "Skype"]
[Date "????.??.??"]
[Round "2.9"]
[White "De Leener, Luc"]
[Black "Antonic, Nenad"]
[Result "1/2-1/2"]
[WhiteElo "1700"]
[BlackElo "1530"]
[PlyCount "62"]

1. e4 e6 2. d4 d5 3. e5 c5 4. c3 cxd4 5. cxd4 Bb4+ 6. Nc3 Ne7 7. Nf3 O-O 8. Bd3
g6 9. O-O Bxc3 10. bxc3 Bd7 11. Bh6 Re8 12. Bg5 a5 13. Bf6 Bc6 14. Qd2 Nd7 15.
Qf4 Nxf6 16. Qxf6 Nf5 17. Qxd8 Rexd8 18. Bxf5 exf5 19. Rfe1 Bd7 20. Rab1 b5 21.
g3 Rdc8 22. Re3 Rc6 23. Rxb5 Rxc3 24. Rxd5 Rxe3 25. fxe3 Bc6 26. Rd6 Bxf3 27.
Kf2 Be4 28. d5 Kf8 29. Rd7 Re8 30. e6 Re7 31. Rd8+ Re8 1/2-1/2

[Event "Tournoi Skype 007"]
[Site "Skype"]
[Date "????.??.??"]
[Round "2.10"]
[White "Gerbaux, Regis"]
[Black "Nicole, Chantal"]
[Result "0-1"]
[WhiteElo "1370"]
[BlackElo "1690"]
[PlyCount "54"]

1. e4 e5 2. Nf3 Nf6 3. Nxe5 d6 4. Nf3 Nxe4 5. Bd3 d5 6. Bxe4 dxe4 7. Ne5 Bd6 8.
f4 O-O 9. O-O Qe7 10. Nc4 Bc5+ 11. Ne3 Nc6 12. Kh1 Be6 13. f5 Bxe3 14. dxe3 Bc4
15. Rf4 g5 16. Qg4 Rad8 17. Nc3 Bd5 18. b3 f6 19. Bb2 Ne5 20. Nxd5 Rxd5 21.
Rxe4 Nxg4 22. Rxe7 Rf7 23. Rxf7 Kxf7 24. e4 Nf2+ 25. Kg1 Nxe4 26. Re1 Nd6 27.
Ba3 Nxf5 0-1

[Event "Tournoi Skype 007"]
[Site "Skype"]
[Date "????.??.??"]
[Round "2.12"]
[White "Talbot, Jacques"]
[Black "Charland, Christian"]
[Result "0-1"]
[WhiteElo "1470"]
[BlackElo "1260"]
[PlyCount "56"]

1. e4 e5 2. Nf3 d6 3. d4 Nd7 4. Bc4 Ngf6 5. Nc3 c5 6. dxe5 dxe5 7. Ng5 Qe7 8.
Nxf7 Rg8 9. Nxe5 Nxe5 10. Bxg8 Nxg8 11. Nd5 Qh4 12. Nc7+ Kf7 13. Nxa8 Qxe4+ 14.
Be3 Bg4 15. Qd8 Qxg2 16. Rf1 Nf3+ 17. Ke2 Nxh2+ 18. Kd2 Nf3+ 19. Kc3 Be7 20.
Qc7 Nh2 21. Rfe1 Nf6 22. Bxc5 Qf3+ 23. Re3 Ne4+ 24. Kd4 Qf6+ 25. Kxe4 Bf3+ 26.
Kd3 Qf5+ 27. Kd2 Qd5+ 28. Kc1 Qd1# 0-1

[Event "Tournoi Skype 007"]
[Site "Skype"]
[Date "????.??.??"]
[Round "2.13"]
[White "Coude, Josue"]
[Black "Capdeville, Jean"]
[Result "0-1"]
[WhiteElo "1250"]
[BlackElo "1440"]
[PlyCount "76"]

1. e4 e5 2. Nf3 d6 3. Bc4 h6 4. O-O Nf6 5. Nc3 a6 6. d3 b5 7. Bb3 Qe7 8. Be3
Be6 9. Qe2 Bxb3 10. axb3 Qd7 11. h3 Be7 12. Qd2 Nc6 13. Ra2 Nb4 14. Ra4 bxa4
15. bxa4 O-O 16. b3 Nc6 17. Rd1 Qd8 18. Nh4 Nh7 19. Nd5 Bxh4 20. g3 Bg5 21. h4
Bxe3 22. Qxe3 Nf6 23. Nxf6+ Qxf6 24. c4 a5 25. c5 Nd4 26. cxd6 Qxd6 27. Rc1
Nxb3 28. Rb1 Rfb8 29. d4 Nxd4 30. Rd1 Qb4 31. Ra1 Qb2 32. Qe1 Nf3+ 33. Kg2
Nxe1+ 34. Rxe1 Qc3 35. Re3 Qb4 36. Rd3 Qxe4+ 37. Kf1 Qxd3+ 38. Ke1 Rb1# 0-1

[Event "Tournoi Skype 007"]
[Site "Skype"]
[Date "????.??.??"]
[Round "2.15"]
[White "Armingaud, Jean-Claude"]
[Black "Vincent, Andre"]
[Result "1-0"]
[WhiteElo "1180"]
[BlackElo "1440"]
[PlyCount "97"]

1. e4 c5 2. d4 cxd4 3. Qxd4 Nc6 4. Qa4 e6 5. Bf4 Bb4+ 6. Nc3 Qa5 7. Qxa5 Bxa5
8. O-O-O e5 9. Bg5 Bb4 10. a3 Be7 11. Bxe7 Nf6 12. Bxf6 gxf6 13. Bc4 Ne7 14.
Nd5 Nxd5 15. Rxd5 Rg8 16. Nf3 Rxg2 17. Rd2 Rxf2 18. Rxf2 Ke7 19. Rg1 d6 20. Rg7
Be6 21. Bxe6 Kxe6 22. Rxh7 Rg8 23. Rf1 a6 24. Rg1 Rxg1+ 25. Nxg1 b5 26. Rh8 a5
27. h4 f5 28. exf5+ Kxf5 29. Rg8 Ke6 30. h5 f5 31. h6 f4 32. h7 e4 33. h8=Q f3
34. Qh6+ Kd5 35. Qd2+ Ke6 36. Qxa5 f2 37. Qxb5 e3 38. Qe2 Kd5 39. Qxe3 f1=Q+
40. Kd2 Kc6 41. Ne2 Kd7 42. Qd4 Kc6 43. Rg6 Qf8 44. Qf6 Qb8 45. b4 Kd7 46. Qe6+
Kc6 47. Nd4+ Kb6 48. Qxd6+ Qxd6 49. Rxd6+ 1-0

[Event "Tournoi Skype 007"]
[Site "Skype"]
[Date "????.??.??"]
[Round "2.16"]
[White "Gharbi, Said"]
[Black "Vervoort, Jean-Louis"]
[Result "1/2-1/2"]
[WhiteElo "1390"]
[BlackElo "1140"]
[PlyCount "86"]

1. e4 e5 2. d4 exd4 3. c3 c5 4. Bc4 d6 5. Qb3 Nh6 6. Bxh6 gxh6 7. Bxf7+ Ke7 8.
cxd4 cxd4 9. Nf3 Nc6 10. O-O Bg7 11. Nbd2 Rf8 12. Bh5 b6 13. Rac1 Kd7 14. Bg4+
Kc7 15. Qd5 Bb7 16. b4 a6 17. Nc4 Re8 18. Bf5 Qf6 19. Bxh7 Re7 20. a4 Rae8 21.
Qf5 Qxf5 22. Bxf5 b5 23. axb5 axb5 24. Na5 Ba8 25. Rfd1 h5 26. Nxd4 Bxd4 27.
Rxd4 Rg8 28. Rd5 h4 29. Nxc6 Bxc6 30. Rxb5 Reg7 31. Bh3 Re8 32. f3 Rf8 33. Rh5
Rxf3 34. b5 Rxh3 35. Rxc6+ Kb7 36. Rxd6 Rf3 37. Rxh4 Re3 38. Rh8 Rf7 39. h3
Re1+ 40. Kh2 Re2 41. Ra6 Rg7 42. h4 Rexg2+ 43. Kh1 Rg1+ 1/2-1/2